[Event "Hessen-ch Seniors op 03rd"]
[Site "Bad Sooden-Allendorf"]
[Date "2007.05.06"]
[Round "9"]
[White "Philipp, Guenther"]
[Black "Neumann, Horst"]
[Result "0-1"]
[WhiteElo "1687"]
[BlackElo "1830"]
[PlyCount "80"]
[EventDate "2007.04.27"]
[EventType "swiss"]
[EventRounds "9"]
[EventCountry "GER"]
[SourceTitle "EXT 2022"]
[Source "ChessBase"]
[SourceDate "2021.10.06"]
[SourceVersion "1"]
[SourceVersionDate "2021.10.06"]
[SourceQuality "1"]

1. d4 d5 2. Nf3 Bf5 3. Bg5 c6 4. c3 Qb6 5. Qb3 Qxb3 6. axb3 h6 7. Bh4 Nd7 8. e3 f6 9. b4 e5 10. b5 Bd6 11. bxc6 bxc6 12. Bg3 Ne7 13. Nh4 Bh7 14. Be2 0-0 15. b4 g5 16. Nf3 Nf5 17. Nbd2 Nxg3 18. hxg3 e4 19. Nh2 f5 20. 0-0 f4 21. gxf4 gxf4 22. Ra6 Nb8 23. Ra2 fxe3 24. fxe3 Rxf1+ 25. Nhxf1 Bf5 26. Nb3 Bc7 27. Bh5 Nd7 28. Ra6 Bb6 29. Ng3 Bh7 30. Bg4 Nf6 31. Bf5 Bxf5 32. Nxf5 Ng4 33. Ra1 Re8 34. Re1 Kh7 35. Nc5 Kg6 36. Nd6 Rd8 37. Ndb7 Rf8 38. Nd7 Rf7 39. Nbc5 Bc7 40. Rf1 Bh2+ 0-1

[Event "Hessen-ch Seniors op 03rd"]
[Site "Bad Sooden-Allendorf"]
[Date "2007.05.04"]
[Round "7"]
[White "Philipp, Guenther"]
[Black "Fuchs, Manfred1111"]
[Result "1-0"]
[WhiteElo "1687"]
[BlackElo "1561"]
[PlyCount "103"]
[EventDate "2007.04.27"]
[EventType "swiss"]
[EventRounds "9"]
[EventCountry "GER"]
[SourceTitle "EXT 2022"]
[Source "ChessBase"]
[SourceDate "2021.10.06"]
[SourceVersion "1"]
[SourceVersionDate "2021.10.06"]
[SourceQuality "1"]

1. d4 e6 2. Nf3 f5 3. c4 c6 4. Nc3 Nf6 5. Qc2 Be7 6. Bg5 0-0 7. e3 Qe8 8. e4 d6 9. e5 dxe5 10. dxe5 Nh5 11. g3 Bxg5 12. Nxg5 Nd7 13. f4 h6 14. Nf3 Nb6 15. b3 Bd7 16. Bg2 c5 17. 0-0 Bc6 18. Nh4 Rd8 19. Rad1 Rd4 20. Rxd4 cxd4 21. Bxc6 Qxc6 22. Nb5 Rd8 23. Rd1 Nc8 24. Rxd4 Rxd4 25. Nxd4 Qb6 26. Qf2 Kf7 27. Nhf3 Ne7 28. Nb5 Qxf2+ 29. Kxf2 Nc8 30. c5 Ke7 31. Nd6 Kd7 32. Nxb7 Kc6 33. Nd6 Ne7 34. b4 a6 35. a3 Nd5 36. Nd4+ Kd7 37. Nc4 g5 38. Nb6+ Ke7 39. Nxf5+ exf5 40. Nxd5+ Kd7 41. Kf3 Ng7 42. Ne3 Ke6 43. a4 Ne8 44. g4 fxg4+ 45. Kxg4 gxf4 46. Kxf4 Nc7 47. h3 h5 48. h4 Ne8 49. b5 axb5 50. axb5 Nc7 51. b6 Na6 52. c6 1-0

[Event "Hessen-ch Seniors op 03rd"]
[Site "Bad Sooden-Allendorf"]
[Date "2007.05.03"]
[Round "6"]
[White "Limberg, Siegfried"]
[Black "Philipp, Guenther"]
[Result "1-0"]
[WhiteElo "1987"]
[BlackElo "1687"]
[PlyCount "47"]
[EventDate "2007.04.27"]
[EventType "swiss"]
[EventRounds "9"]
[EventCountry "GER"]
[SourceTitle "EXT 2022"]
[Source "ChessBase"]
[SourceDate "2021.10.06"]
[SourceVersion "1"]
[SourceVersionDate "2021.10.06"]
[SourceQuality "1"]

1. d4 Nf6 2. Nf3 d5 3. e3 Bf5 4. c4 e6 5. Nc3 c6 6. Be2 h6 7. 0-0 Be7 8. b3 0-0 9. Bb2 Nbd7 10. a3 a5 11. h3 Bh7 12. Re1 Re8 13. Nd2 c5 14. cxd5 exd5 15. Nb5 cxd4 16. Bxd4 Nc5 17. Nf3 Nfd7 18. Rc1 a4 19. bxa4 Ne6 20. Bb2 Bf6 21. Nfd4 Nxd4 22. Bxd4 Bxd4 23. Qxd4 Nb6 24. Nc7 1-0

[Event "Hessen-ch Seniors op 03rd"]
[Site "Bad Sooden-Allendorf"]
[Date "2007.04.28"]
[Round "1"]
[White "Philipp, Guenther"]
[Black "Kollberg, Lothar"]
[Result "0-1"]
[WhiteElo "1687"]
[BlackElo "2160"]
[PlyCount "92"]
[EventDate "2007.04.27"]
[EventType "swiss"]
[EventRounds "9"]
[EventCountry "GER"]
[SourceTitle "EXT 2022"]
[Source "ChessBase"]
[SourceDate "2021.10.06"]
[SourceVersion "1"]
[SourceVersionDate "2021.10.06"]
[SourceQuality "1"]

1. d4 Nf6 2. Nf3 g6 3. c4 Bg7 4. Nc3 0-0 5. e3 d6 6. Be2 Nbd7 7. 0-0 c6 8. Qc2 e5 9. e4 exd4 10. Nxd4 Re8 11. Nf3 Nc5 12. Nd2 Qe7 13. Bf3 a5 14. Re1 Bg4 15. h3 Bxf3 16. Nxf3 Nfxe4 17. Nxe4 Nxe4 18. Bg5 f6 19. Bh4 d5 20. Nd2 Qe5 21. Bg3 Qd4 22. Nxe4 Rxe4 23. cxd5 Rxe1+ 24. Rxe1 Qxd5 25. Re7 Qxa2 26. Rxb7 Qe6 27. Rc7 Rc8 28. Qd2 Rxc7 29. Qd8+ Bf8 30. Qxc7 a4 31. Qf4 a3 32. bxa3 Bxa3 33. Qb8+ Bf8 34. Bf4 Kf7 35. Qb7+ Be7 36. Be3 Qd5 37. Qc8 h5 38. Qh8 Qe4 39. Qh7+ Ke6 40. Qg8+ Kd7 41. Qf7 h4 42. Qh7 c5 43. Qg8 Qb1+ 44. Kh2 Bd6+ 45. g3 hxg3+ 46. Kg2 Qe4+ 0-1

[Event "Hessen-ch Seniors op 02nd"]
[Site "Bad Sooden-Allendorf"]
[Date "2006.04.29"]
[Round "5"]
[White "Philipp, Guenther"]
[Black "Braeu, Emmi"]
[Result "1-0"]
[WhiteElo "1710"]
[BlackElo "1455"]
[PlyCount "33"]
[EventDate "2006.04.25"]
[EventType "swiss"]
[EventRounds "9"]
[EventCountry "GER"]
[SourceTitle "EXT 2007"]
[Source "ChessBase"]
[SourceDate "2006.11.23"]
[SourceVersion "1"]
[SourceVersionDate "2006.11.23"]
[SourceQuality "1"]

1. d4 Nf6 2. Nf3 g6 3. Bg5 Bg7 4. Nbd2 c5 5. e3 Qa5 6. c3 Nc6 7. Be2 0-0 8. Nb3 Qc7 9. Nxc5 d6 10. Nb3 Be6 11. Bxf6 Bxf6 12. d5 Bxd5 13. Qxd5 Ne5 14. Nxe5 Bxe5 15. Bf3 Bxc3+ 16. bxc3 Qxc3+ 17. Qd2 1-0

[Event "Hessen-ch Seniors op 02nd"]
[Site "Bad Sooden-Allendorf"]
[Date "2006.04.27"]
[Round "3"]
[White "Semisch, Helga"]
[Black "Philipp, Guenther"]
[Result "1-0"]
[WhiteElo "1196"]
[BlackElo "1710"]
[PlyCount "67"]
[EventDate "2006.04.25"]
[EventType "swiss"]
[EventRounds "9"]
[EventCountry "GER"]
[SourceTitle "EXT 2007"]
[Source "ChessBase"]
[SourceDate "2006.11.23"]
[SourceVersion "1"]
[SourceVersionDate "2006.11.23"]
[SourceQuality "1"]

1. d4 Nf6 2. c4 e6 3. Nc3 h6 4. Bf4 Bb4 5. e3 Bxc3+ 6. bxc3 0-0 7. Bd3 d6 8. Nf3 Nc6 9. 0-0 Re8 10. Bg3 e5 11. Bc2 e4 12. Nd2 Bg4 13. Qb1 Na5 14. Bh4 g5 15. Bg3 b6 16. h3 Bh5 17. Ba4 Re7 18. Qb4 c5 19. Qb2 Nd7 20. Bxd6 Re6 21. Bg3 Be2 22. Rfe1 Nxc4 23. Nxc4 Bxc4 24. Bd1 f5 25. f3 Nf6 26. Qa3 Nh5 27. Be5 Bd5 28. fxe4 Bxe4 29. Bxh5 Qd5 30. Qb2 Rc8 31. Qf2 cxd4 32. Bxd4 Rf8 33. Qg3 Kh7 34. Qc7+ 1-0

[Event "Ruhrgebiet Seniors op 13th"]
[Site "Essen"]
[Date "2006.04.06"]
[Round "6"]
[White "Hardt, Helmut"]
[Black "Philipp, Guenther"]
[Result "1-0"]
[WhiteElo "1841"]
[BlackElo "1750"]
[PlyCount "79"]
[EventDate "2006.03.28"]
[EventType "swiss"]
[EventRounds "9"]
[EventCountry "GER"]
[SourceTitle "EXT 2007"]
[Source "ChessBase"]
[SourceDate "2006.11.23"]
[SourceVersion "1"]
[SourceVersionDate "2006.11.23"]
[SourceQuality "1"]

1. e4 c6 2. d4 d5 3. e5 Bf5 4. Ne2 e6 5. Ng3 Bg6 6. h4 h6 7. h5 Bh7 8. Bd3 Bxd3 9. Qxd3 Qc7 10. Be3 Nd7 11. Nd2 c5 12. c3 a6 13. f4 c4 14. Qc2 b5 15. f5 Qb6 16. 0-0 Nxe5 17. fxe6 f6 18. Nf5 Nd3 19. Bf2 Ne7 20. Nh4 Qxe6 21. Rae1 Qg4 22. Ng6 Rg8 23. Re3 Qxh5 24. Nxe7 Bxe7 25. Nf3 Ra7 26. Bg3 Kd8 27. Nh4 Qg5 28. Qe2 g6 29. Rff3 f5 30. Re6 f4 31. Rb6 fxg3 32. Qe6 Rf8 33. Rb8+ Kc7 34. Qb6+ Kd7 35. Qxa7+ Ke6 36. Qb6+ Bd6 37. Rbxf8 Qc1+ 38. Rf1 Qe3+ 39. Kh1 Qg5 40. R8f6+ 1-0

[Event "GER-ch Seniors-A 17th"]
[Site "Essen"]
[Date "2005.08.20"]
[Round "1"]
[White "Philipp, Guenther"]
[Black "Gudat, Alfons"]
[Result "0-1"]
[WhiteElo "1735"]
[BlackElo "2053"]
[PlyCount "72"]
[EventDate "2005.08.20"]
[EventType "swiss"]
[EventRounds "9"]
[EventCountry "GER"]
[SourceTitle "CBM 108 Extra"]
[Source "ChessBase"]
[SourceDate "2005.11.04"]
[SourceVersion "1"]
[SourceVersionDate "2005.11.04"]
[SourceQuality "1"]

1. d4 Nf6 2. Nf3 b6 3. Bg5 Ne4 4. Bh4 g6 5. e3 Bg7 6. Bd3 Bb7 7. 0-0 0-0 8. Nbd2 d5 9. Ng5 Nxd2 10. Qxd2 h6 11. Nf3 Nd7 12. c3 c5 13. Qe2 f5 14. Bg3 a6 15. Nh4 Qe8 16. f4 e6 17. Nf3 b5 18. Ne5 Nxe5 19. fxe5 c4 20. Bc2 a5 21. Be1 Bc6 22. g4 Qe7 23. Qg2 Ra7 24. gxf5 gxf5 25. Rf4 Qg5 26. Bg3 b4 27. Bd1 Rb8 28. h4 Qe7 29. Be1 Kh8 30. Bh5 Rg8 31. Kh1 Bxe5 32. Qxg8+ Kxg8 33. dxe5 Qc5 34. Bf2 d4+ 35. Kh2 dxe3 36. Rg1+ Rg7 0-1

[Event "Ruhrgebiet Seniors op 12th"]
[Site "Essen"]
[Date "2005.04.19"]
[Round "8"]
[White "Mazurkiewicz, Kazimierz"]
[Black "Philipp, Guenther"]
[Result "1-0"]
[WhiteElo "1880"]
[BlackElo "1786"]
[PlyCount "63"]
[EventDate "2005.04.04"]
[EventType "swiss"]
[EventRounds "9"]
[EventCountry "GER"]
[SourceTitle "EXT 2007"]
[Source "ChessBase"]
[SourceDate "2006.11.23"]
[SourceVersion "1"]
[SourceVersionDate "2006.11.23"]
[SourceQuality "1"]

1. c4 e5 2. Nc3 Nf6 3. Nf3 Nc6 4. g3 e4 5. Ng5 h6 6. Ngxe4 Nxe4 7. Nxe4 d5 8. cxd5 Qxd5 9. f3 Be7 10. Bg2 f5 11. Nc3 Qc5 12. e3 Be6 13. d4 Qa5 14. Bd2 Nb4 15. Bf1 Nd5 16. Bb5+ c6 17. Nxd5 Qd8 18. Nxe7 Qxe7 19. Ba4 f4 20. 0-0 fxg3 21. hxg3 h5 22. Kf2 h4 23. g4 0-0-0 24. Bb3 Rdf8 25. Bxe6+ Qxe6 26. Ke1 Qd6 27. Qe2 h3 28. Kd1 h2 29. Kc2 Qg6+ 30. Qd3 Qxd3+ 31. Kxd3 Rxf3 32. Rxf3 1-0

[Event "Bahn-chGT"]
[Site "Winterberg"]
[Date "2004.09.27"]
[Round "2"]
[White "Rosenthal, Rudolf"]
[Black "Philipp, Guenther"]
[Result "1-0"]
[WhiteElo "1695"]
[BlackElo "1772"]
[PlyCount "91"]
[EventDate "2004.09.26"]
[EventType "swiss"]
[EventRounds "7"]
[EventCountry "GER"]
[SourceTitle "EXT 2013"]
[Source "ChessBase"]
[SourceDate "2012.11.22"]
[SourceVersion "1"]
[SourceVersionDate "2012.11.22"]
[SourceQuality "1"]

1. c4 c6 2. Nc3 d5 3. e3 Nf6 4. b3 Bg4 5. f3 Bf5 6. d3 e5 7. a3 Qa5 8. Bd2 Qd8 9. e4 dxe4 10. dxe4 Bg6 11. Be3 Qc7 12. Nge2 Be7 13. Qc2 0-0 14. Ng3 Nbd7 15. Be2 Bc5 16. Bxc5 Nxc5 17. b4 Ne6 18. 0-0 Rad8 19. Rad1 Rxd1 20. Rxd1 Rd8 21. Rxd8+ Qxd8 22. Qd3 Qd4+ 23. Qxd4 exd4 24. Na4 b6 25. Nb2 c5 26. Nd3 Nh5 27. Nxh5 Bxh5 28. Kf2 f6 29. f4 Bf7 30. g3 g6 31. h4 a5 32. f5 gxf5 33. exf5 Ng7 34. bxc5 bxc5 35. Nxc5 Nxf5 36. Nd7 Kg7 37. c5 Bd5 38. Bb5 Ne7 39. Nb6 Bc6 40. a4 Kf7 41. Nc4 Ke6 42. Nxa5 Kd5 43. Nxc6 Nxc6 44. Bxc6+ Kxc6 45. Ke2 Kxc5 46. Kd3 1-0

[Event "Schwarzwald Seniors op 12th"]
[Site "Steinach"]
[Date "2004.04.03"]
[Round "2"]
[White "Philipp, Guenther"]
[Black "Sievers, Gerda"]
[Result "1-0"]
[WhiteElo "1763"]
[BlackElo "1434"]
[PlyCount "73"]
[EventDate "2004.03.29"]
[EventType "swiss"]
[EventRounds "9"]
[EventCountry "GER"]
[SourceTitle "EXT 2006"]
[Source "ChessBase"]
[SourceDate "2005.11.24"]
[SourceVersion "1"]
[SourceVersionDate "2005.11.24"]
[SourceQuality "1"]

1. d4 f5 2. e4 fxe4 3. Nc3 Nf6 4. Bg5 d5 5. Bxf6 exf6 6. Qh5+ g6 7. Qxd5 Qxd5 8. Nxd5 Bd6 9. Nxf6+ Kf7 10. Nxe4 Re8 11. f3 Bf5 12. Bd3 Nc6 13. c3 Re7 14. Ne2 Kg7 15. 0-0 Rf8 16. Rae1 a6 17. N2g3 Bxg3 18. hxg3 b5 19. g4 Bxe4 20. Rxe4 Rxe4 21. Bxe4 Nb8 22. a4 Rf6 23. axb5 axb5 24. Ra1 Ra6 25. Rxa6 Nxa6 26. Bc6 b4 27. Kf2 bxc3 28. bxc3 Kf6 29. Ke3 g5 30. Ke4 h6 31. g3 Nb8 32. Kd5 Ke7 33. Bb5 Kf6 34. Ba4 Ke7 35. Ke5 Kf7 36. Kf5 Kg7 37. Ke6 1-0

[Event "Ruhrgebiet-ch Seniors 11th"]
[Site "Essen"]
[Date "2004.03.17"]
[Round "6"]
[White "Mietner, Franz"]
[Black "Philipp, Guenther"]
[Result "1/2-1/2"]
[WhiteElo "1803"]
[BlackElo "1801"]
[PlyCount "73"]
[EventDate "2004.03.08"]
[EventType "swiss"]
[EventRounds "9"]
[EventCountry "GER"]
[SourceTitle "EXT 2006"]
[Source "ChessBase"]
[SourceDate "2005.11.24"]
[SourceVersion "1"]
[SourceVersionDate "2005.11.24"]
[SourceQuality "1"]

1. e4 d5 2. exd5 Qxd5 3. Nc3 Qa5 4. d4 c6 5. Nf3 Nf6 6. Bc4 Bg4 7. h3 Bxf3 8. Qxf3 e6 9. 0-0 Bd6 10. Ne4 Nxe4 11. Qxe4 Nd7 12. c3 Nf6 13. Qe2 0-0 14. g4 Rae8 15. f4 Qc7 16. Bb3 c5 17. dxc5 Bxc5+ 18. Be3 Nd5 19. Bxc5 Qxc5+ 20. Qf2 Qxf2+ 21. Rxf2 Rd8 22. Rd1 Ne7 23. Rfd2 Nc6 24. Rd7 Rxd7 25. Rxd7 Rb8 26. Kf2 Kf8 27. Ke3 Na5 28. Kd4 Ke8 29. Rc7 Nxb3+ 30. axb3 Rd8+ 31. Kc4 Rd7 32. Rc8+ Rd8 33. Rxd8+ Kxd8 34. Kd4 f6 35. c4 Kc7 36. h4 a5 37. Ke4 1/2-1/2

[Event "Ruhrgebiet-ch Seniors 11th"]
[Site "Essen"]
[Date "2004.03.16"]
[Round "5"]
[White "Philipp, Guenther"]
[Black "Kotzem, Ernst"]
[Result "1-0"]
[WhiteElo "1801"]
[BlackElo "1926"]
[PlyCount "91"]
[EventDate "2004.03.08"]
[EventType "swiss"]
[EventRounds "9"]
[EventCountry "GER"]
[SourceTitle "EXT 2006"]
[Source "ChessBase"]
[SourceDate "2005.11.24"]
[SourceVersion "1"]
[SourceVersionDate "2005.11.24"]
[SourceQuality "1"]

1. d4 Nf6 2. Nf3 e6 3. Bg5 Be7 4. e3 d5 5. Bd3 c5 6. c3 c4 7. Bc2 h6 8. Bh4 0-0 9. Nbd2 a6 10. 0-0 Nc6 11. Ne5 Nxe5 12. dxe5 Nd7 13. Bxe7 Qxe7 14. f4 f5 15. exf6 Nxf6 16. Nf3 Bd7 17. Ne5 Be8 18. Qe1 Qc5 19. Nf3 Ng4 20. Nd4 Bd7 21. h3 Nf6 22. Rf3 Rae8 23. Qg3 Ne4 24. Qg6 Rf6 25. Qh5 Qd6 26. Bxe4 dxe4 27. Rff1 Rc8 28. Rad1 Qb6 29. Rf2 Rc5 30. Qe2 Ba4 31. Rdf1 Be8 32. g4 Bd7 33. Qc2 e5 34. fxe5 Rxe5 35. Rxf6 gxf6 36. Qe2 Rc5 37. Rf4 Qc7 38. Qf2 f5 39. gxf5 Qe5 40. Qg3+ Kf8 41. Qh4 Ke8 42. Rxe4 Kf7 43. Rxe5 Rxe5 44. Qxh6 Bxf5 45. Qf4 Kf6 46. e4 1-0

[Event "Ruhrgebiet-ch Seniors 11th"]
[Site "Essen"]
[Date "2004.03.09"]
[Round "2"]
[White "Mader, Josef"]
[Black "Philipp, Guenther"]
[Result "0-1"]
[WhiteElo "1544"]
[BlackElo "1801"]
[PlyCount "104"]
[EventDate "2004.03.08"]
[EventType "swiss"]
[EventRounds "9"]
[EventCountry "GER"]
[SourceTitle "EXT 2006"]
[Source "ChessBase"]
[SourceDate "2005.11.24"]
[SourceVersion "1"]
[SourceVersionDate "2005.11.24"]
[SourceQuality "1"]

1. d4 Nf6 2. c4 e6 3. Nf3 Bb4+ 4. Bd2 Bxd2+ 5. Nbxd2 0-0 6. e4 d6 7. Bd3 Re8 8. 0-0 e5 9. d5 Bg4 10. h3 Bh5 11. Qb3 Nbd7 12. Bc2 Nc5 13. Qe3 a5 14. a3 a4 15. Rfe1 h6 16. Nf1 Bg6 17. Ng3 Nh5 18. Nxh5 Bxh5 19. Nh2 Qh4 20. Nf3 Bxf3 21. Qxf3 Qf4 22. Qc3 Ra6 23. Re3 Rb6 24. g3 Qg5 25. Rae1 Qe7 26. R1e2 Qd7 27. Kh2 Nb3 28. Bd1 Nd4 29. Rd2 Ra8 30. Bg4 Qe7 31. Rxd4 exd4 32. Qxd4 Qf6 33. Qxf6 gxf6 34. Re2 Kf8 35. Rc2 Ra5 36. f4 Rc5 37. Bd7 Ra6 38. Bb5 Ra5 39. Bd7 Ke7 40. Bf5 b5 41. e5 fxe5 42. fxe5 dxe5 43. Bd3 bxc4 44. Bxc4 Ra8 45. Rc3 Rb8 46. b4 axb3 47. Rxb3 Rxb3 48. Bxb3 Rc3 49. Ba4 Rxa3 50. Bc6 f5 51. Kg2 Kd6 52. Kf2 h5 0-1

[Event "GER-ch Seniors 15th"]
[Site "Bad Wiessee"]
[Date "2003.05.10"]
[Round "1"]
[White "Philipp, Guenther"]
[Black "Kelchner, Hans"]
[Result "0-1"]
[WhiteElo "2285"]
[BlackElo "2146"]
[PlyCount "60"]
[EventDate "2003.05.??"]
[EventType "swiss"]
[EventRounds "9"]
[EventCountry "GER"]
[SourceTitle "EXT 2006"]
[Source "ChessBase"]
[SourceDate "2005.11.24"]
[SourceVersion "1"]
[SourceVersionDate "2005.11.24"]
[SourceQuality "1"]

1. d4 d5 2. Nf3 e6 3. Bf4 c5 4. c3 cxd4 5. cxd4 Bb4+ 6. Nbd2 Nc6 7. a3 Bd6 8. Bxd6 Qxd6 9. e3 Nf6 10. Bd3 Bd7 11. 0-0 e5 12. e4 0-0 13. exd5 Qxd5 14. Bc4 Qd6 15. dxe5 Nxe5 16. Qb3 Bc6 17. Nxe5 Qxe5 18. Rfe1 Qg5 19. Nf3 Qf4 20. Ne5 Ne4 21. Nf3 Nc5 22. Qb4 Bxf3 23. gxf3 Rac8 24. Re3 Rc6 25. Rae1 h6 26. Re7 Qxf3 27. Bxf7+ Rxf7 28. Re8+ Rf8 29. Qc4+ Kh8 30. Rxf8+ Qxf8 0-1

[Event "Nordrhein Westfalen-ch Seniors 13th"]
[Site "Bad Salzuflen"]
[Date "2002.06.16"]
[Round "9"]
[White "Philipp, Guenther"]
[Black "Pooth, Richard"]
[Result "1-0"]
[WhiteElo "1707"]
[BlackElo "1877"]
[PlyCount "133"]
[EventDate "2002.06.??"]
[EventType "swiss"]
[EventRounds "9"]
[EventCountry "GER"]
[SourceTitle "EXT 2006"]
[Source "ChessBase"]
[SourceDate "2005.11.24"]
[SourceVersion "1"]
[SourceVersionDate "2005.11.24"]
[SourceQuality "1"]

1. d4 c5 2. c3 e6 3. Nf3 b6 4. Bf4 Bb7 5. e3 Nf6 6. h3 Be7 7. Bd3 0-0 8. Nbd2 Ba6 9. Qe2 Bxd3 10. Qxd3 d6 11. 0-0 Nbd7 12. Rad1 Nh5 13. Bh2 f5 14. Nc4 f4 15. Qe4 Rf6 16. d5 e5 17. Ng5 Rg6 18. Ne6 Ndf6 19. Qxg6 hxg6 20. Nxd8 Rxd8 21. exf4 exf4 22. Rfe1 Kf7 23. g4 fxg3 24. fxg3 g5 25. Kg2 g4 26. h4 Rg8 27. Ne3 g6 28. c4 Bf8 29. Rf1 Kg7 30. b3 Kh7 31. Rde1 Bg7 32. Nc2 a6 33. Re7 Rb8 34. Re6 Rd8 35. Bg1 b5 36. Rb1 Bf8 37. a4 Rb8 38. Na3 bxa4 39. bxa4 Rxb1 40. Nxb1 Kg7 41. Be3 Kf7 42. Bg5 Be7 43. Nd2 Ng7 44. Re2 Nf5 45. Nb3 Bd8 46. Re6 Be7 47. Kf2 Ng7 48. Re2 Bd8 49. Nd2 Nf5 50. Ne4 Nxe4+ 51. Rxe4 Bf6 52. Re1 Bg7 53. Rb1 Bc3 54. Rb7+ Ke8 55. Bf4 a5 56. Ke2 Bf6 57. Ra7 Bd8 58. Kf2 Bb6 59. Ra8+ Kd7 60. Bd2 Bd8 61. Bxa5 Bf6 62. Bd2 Bd4+ 63. Kg2 Be5 64. Bf4 Bxf4 65. gxf4 Ne3+ 66. Kg3 Nxc4 67. Ra7+ 1-0

[Event "Nordrhein Westfalen-ch Seniors 13th"]
[Site "Bad Salzuflen"]
[Date "2002.06.13"]
[Round "6"]
[White "Detert, Heinz"]
[Black "Philipp, Guenther"]
[Result "1/2-1/2"]
[WhiteElo "1904"]
[BlackElo "1707"]
[PlyCount "64"]
[EventDate "2002.06.??"]
[EventType "swiss"]
[EventRounds "9"]
[EventCountry "GER"]
[SourceTitle "EXT 2006"]
[Source "ChessBase"]
[SourceDate "2005.11.24"]
[SourceVersion "1"]
[SourceVersionDate "2005.11.24"]
[SourceQuality "1"]

1. d4 Nf6 2. Nf3 d5 3. e3 Bf5 4. c4 e6 5. Qb3 Qc8 6. Nc3 c6 7. Bd2 Be7 8. Be2 Nbd7 9. 0-0 h6 10. Rac1 Ne4 11. cxd5 Nxd2 12. Nxd2 Qd8 13. dxc6 bxc6 14. Na4 Rb8 15. Qd1 0-0 16. Rxc6 Nf6 17. b3 Qd7 18. Ra6 Rfc8 19. Nc4 Nd5 20. Bf3 Nb4 21. Ra5 Nxa2 22. d5 Bb4 23. Nab6 axb6 24. Rxa2 exd5 25. Ne5 Qc7 26. Qxd5 Be6 27. Qb5 Bd6 28. Nc6 Bd7 29. Rc2 Bxh2+ 30. Kh1 Bd6 31. Qd5 Bxc6 32. Rxc6 Qxc6 1/2-1/2

[Event "Ruhr-ch Seniors 9th"]
[Site "Essen"]
[Date "2002.03.04"]
[Round "1"]
[White "Philipp, Guenther"]
[Black "Dahlhaus, Friedhelm"]
[Result "1/2-1/2"]
[WhiteElo "1695"]
[BlackElo "2077"]
[PlyCount "99"]
[EventDate "2002.03.??"]
[EventType "swiss"]
[EventRounds "9"]
[EventCountry "GER"]
[SourceTitle "EXT 2006"]
[Source "ChessBase"]
[SourceDate "2005.11.24"]
[SourceVersion "1"]
[SourceVersionDate "2005.11.24"]
[SourceQuality "1"]

1. d4 Nf6 2. Nf3 e6 3. Bg5 Be7 4. e3 c5 5. c3 b6 6. Bd3 Ba6 7. 0-0 0-0 8. Re1 d5 9. Bxa6 Nxa6 10. Qe2 Nc7 11. Nbd2 Nfe8 12. Bxe7 Qxe7 13. e4 dxe4 14. Nxe4 Nd6 15. Rad1 Nxe4 16. Qxe4 Nb5 17. Qc6 Nc7 18. d5 Na6 19. dxe6 Rad8 20. exf7+ Qxf7 21. Rxd8 Rxd8 22. Ng5 Qe7 23. Kf1 Nb8 24. Rxe7 Nxc6 25. Rc7 h6 26. Rxg7+ Kxg7 27. Ne6+ Kf6 28. Nxd8 Nxd8 29. Ke2 Kf5 30. Ke3 Nc6 31. h3 h5 32. g4+ hxg4 33. hxg4+ Kxg4 34. Ke4 c4 35. f4 b5 36. Kd5 Ne7+ 37. Kc5 a6 38. a3 Nc8 39. Kc6 Kxf4 40. Kc7 Ke3 41. Kxc8 Kd3 42. Kb7 Kc2 43. Kxa6 Kxb2 44. Kxb5 Kxc3 45. a4 Kd4 46. a5 c3 47. a6 c2 48. a7 c1Q 49. a8Q Qb2+ 50. Ka6 1/2-1/2

[Event "Bad Woerishofen Seniors op 17th"]
[Site "Bad Woerishofen"]
[Date "2001.03.21"]
[Round "7"]
[White "Weibrecht, Carl"]
[Black "Philipp, Guenther"]
[Result "1-0"]
[WhiteElo "1600"]
[BlackElo "1752"]
[PlyCount "91"]
[EventDate "2001.03.??"]
[EventType "swiss"]
[EventRounds "9"]
[EventCountry "GER"]
[SourceTitle "EXT 2002"]
[Source "ChessBase"]
[SourceDate "2001.11.25"]
[SourceVersion "1"]
[SourceVersionDate "2001.11.25"]
[SourceQuality "1"]

1. c4 c6 2. Nc3 g6 3. d4 Bg7 4. Nf3 d5 5. Bd2 Nf6 6. e3 0-0 7. Be2 Re8 8. 0-0 Qc7 9. cxd5 cxd5 10. Rc1 Qd8 11. Nb5 Nc6 12. a4 a6 13. Na3 Ne4 14. b4 Bd7 15. b5 Nxd2 16. Nxd2 axb5 17. Nxb5 Rc8 18. Bf3 Na5 19. Bxd5 Bxb5 20. Rxc8 Qxc8 21. axb5 e6 22. Bf3 Qc7 23. Ne4 b6 24. Be2 Rc8 25. h3 f5 26. Ng5 Qd6 27. Qb1 h6 28. Nf3 Qc7 29. Qa2 Kf7 30. d5 Ke7 31. dxe6 Qc2 32. Qxc2 Rxc2 33. Bd3 Rc3 34. Bb1 Kxe6 35. Ba2+ Ke7 36. Nh4 Kf6 37. Rd1 Bf8 38. Rd7 Bc5 39. Rf7+ Kg5 40. g3 Rc1+ 41. Kg2 Rc2 42. Nf3+ Kh5 43. g4+ fxg4 44. hxg4+ Kxg4 45. Rf4+ Kh5 46. Rh4# 1-0

[Event "Bad Woerishofen Seniors op 17th"]
[Site "Bad Woerishofen"]
[Date "2001.03.20"]
[Round "6"]
[White "Oser, Thor"]
[Black "Philipp, Guenther"]
[Result "1-0"]
[WhiteElo "1700"]
[BlackElo "1752"]
[PlyCount "107"]
[EventDate "2001.03.??"]
[EventType "swiss"]
[EventRounds "9"]
[EventCountry "GER"]
[SourceTitle "EXT 2002"]
[Source "ChessBase"]
[SourceDate "2001.11.25"]
[SourceVersion "1"]
[SourceVersionDate "2001.11.25"]
[SourceQuality "1"]

1. e4 d5 2. exd5 Qxd5 3. Nf3 Nf6 4. Be2 Bf5 5. Nc3 Qa5 6. 0-0 e6 7. d4 c6 8. Bf4 Nbd7 9. a3 Be7 10. h3 h6 11. Qc1 Nd5 12. Nxd5 cxd5 13. b4 Qd8 14. c4 dxc4 15. Qxc4 0-0 16. Bc7 Qe8 17. Qb5 Be4 18. Bf4 a6 19. Qa4 b5 20. Qd1 Rc8 21. Rc1 Nb6 22. Ne5 Bd5 23. Bh5 Bf6 24. Qg4 g5 25. h4 Qe7 26. Be3 Nc4 27. Nxc4 Bxc4 28. hxg5 hxg5 29. Rfe1 Kh7 30. f4 Rg8 31. Kf2 Rg7 32. Rh1 Kg8 33. Qh3 Rh7 34. Qg4 Rg7 35. Qh3 Kf8 36. Bf3 Ke8 37. fxg5 Bxg5 38. Qh8+ Qf8 39. Qxf8+ Kxf8 40. Rh8+ Rg8 41. Rxg8+ Kxg8 42. Bxg5 Kg7 43. Bf4 Rd8 44. Ke3 f6 45. Bc7 Rd7 46. Bb6 e5 47. Be4 Kh6 48. Rc2 Kg5 49. Rf2 Rf7 50. dxe5 f5 51. Bd8+ Kg4 52. Rf4+ Kg3 53. Bh4+ Kh2 54. Rxf5 1-0